000 00352nam a2200121Ia 4500
020 _a9780745304752
100 _aBrown Judith M.
245 0 _aGandhi & Civil Disobedience : The Mahatma in Indian Politics : 1928
264 _bCambridge University Oress
_c2009
300 _a436
942 _cIR
999 _c120675
_d120675